000 00767nam a2200217Ia 4500
999 _c34550
_d34550
001 310
003 GE_BSU
005 20200130151942.0
008 181216s2007||||ge |||||||||||||| ||geo||
020 _a139789994083770
040 _cGE_BSU
041 _ageo
080 _a616.8-080 (075.8) ვ-39
100 _aვერულაშვილი, ი.
_96538
245 _aნევროლოგია :
_bკითხვები და პასუხები. წ.1 /
_cი. ვერულაშვილი.
264 _aთბილისი :
_bაისი,
_c2007.
300 _a240 გვ.:
_bსურ., ნახ., ილ., ცხ.;
_c19 სმ.
653 _aნევროლოგია
653 _aმედიცინა
942 _cBK
_2udc